Čo všetko znamená GGK Predstavujeme členov Klubu reklamných agentúr Slovenska

Predstavenie bratislavskej pobočky siete medzinárodnej európskej reklamnej agentúry GGK (prvá vznikla v r. 1959 v Bazileji vo Švajčiarsku).

Gespeichert in:
Bibliographische Detailangaben
1. Verfasser: Lechnický, Milan
Format: Buchkapitel
Sprache:Slowakisch
Schlagworte:
Tags: Tag hinzufügen
Keine Tags, Fügen Sie das erste Tag hinzu!

MARC

LEADER 00000naa a2200000 4500
001 r014521
005 20221213123344.4
041 0 |a slo 
044 |a SK 
245 1 0 |a Čo všetko znamená GGK  |b Predstavujeme členov Klubu reklamných agentúr Slovenska  |c M. Lechnický 
520 |a Predstavenie bratislavskej pobočky siete medzinárodnej európskej reklamnej agentúry GGK (prvá vznikla v r. 1959 v Bazileji vo Švajčiarsku). 
610 2 0 |a reklama 
610 2 0 |a GGK Bratislava 
100 1 |a Lechnický, Milan